000 01035nam a2200301Ia 4500
001 dia_1452
003 CHAP
005 20230627124524.0
008 220117s1966 xx 000 0 und d
010 _a171992
040 _cCHAP
082 _a620 P46
100 _aPerry, John H.
_987301
245 _aManual de Ingeniería, Recopilación Practica de Datos y Métodos sobre Ingenieria de la Construcción, Química, Civil, Eléctrica, Mecánica y Nuclear /
_c por John H. Perry y Robert H. Perry
260 _aBarcelona, España. ed.Labor
_c1966
300 _aS.p.
600 _aI. Perry, Robert H. II.t.
_9150785
650 _a1.Ingenieria
_xManuales,etc./
_9150786
650 _aIngenieria Civil./
_958214
650 _aIngenieria Electrica./
_958223
650 _aIngenieria Mecanica./
_958260
650 _aIngenieria Nuclear.
_958268
650 _aIngenieria Quimica./
_958271
901 _a620 P46
902 _aM
905 _a0000001966 BAR 0000000000ESP00
942 _cLIBRO
_2ddc
999 _c171992
_d171992